000 00566nam a22002177a 4500
003 UA-OsUOA
001 48290
007 ta
008 20070903b un ||||| |||| 00| 0 ukr d
090 _a821.161.1
_bА64
942 _cBK
040 _aUA-OsUOA
_brus
_cUA-OsUOA
_dUA-OsUOA
245 _aАнализ литературного произведения
300 _a234 с.
955 _a2
041 _arus
080 _a821.161.1
260 _aМ.
_c1976
650 7 _a82 Література. Літературознавство
_2UDC
999 _c334392
_d334392